Sediment transport : Theory and Practice

Theory and practice is organized into the following eight chapters and four appendices:Chapter1- Properties of water and sediment; chapter2- Incipient motion criteria and applications; chapter3- Resistance to flow and bed forms;ch4- Bed-Load transport; ch5- Suspended load transport;ch6- Total load t...

সম্পূর্ণ বিবরণ

সংরক্ষণ করুন:
গ্রন্থ-পঞ্জীর বিবরন
প্রধান লেখক: Yang, Chih Ted
বিন্যাস: গ্রন্থ
ভাষা:Undetermined
প্রকাশিত: New York McGraw-Hill 1996
বিষয়গুলি:
ট্যাগগুলো: ট্যাগ যুক্ত করুন
কোনো ট্যাগ নেই, প্রথমজন হিসাবে ট্যাগ করুন!
Thư viện lưu trữ: Trung tâm Học liệu Trường Đại học Cần Thơ
LEADER 00966nam a2200217Ia 4500
001 CTU_27791
008 210402s9999 xx 000 0 und d
082 |a 627 
082 |b Y22 
100 |a Yang, Chih Ted 
245 0 |a Sediment transport : 
245 0 |b Theory and Practice 
245 0 |c Chih Ted Yang 
260 |a New York 
260 |b McGraw-Hill 
260 |c 1996 
520 |a Theory and practice is organized into the following eight chapters and four appendices:Chapter1- Properties of water and sediment; chapter2- Incipient motion criteria and applications; chapter3- Resistance to flow and bed forms;ch4- Bed-Load transport; ch5- Suspended load transport;ch6- Total load transport;ch7- Comparison and evaluation of sediment transport functions;ch8- Reservoir sedimentation. 
650 |a Sediment transport,Sediment transport 
650 |x Problems, exercises, etc 
904 |i Thom 
980 |a Trung tâm Học liệu Trường Đại học Cần Thơ